[Event "Prague Festival Challengers 2020"]
[Site "Prague"]
[Date "2020.02.19"]
[Round "7.2"]
[White "Piorun, Kacper"]
[Black "Bartel, Mateusz"]
[Result "1-0"]
[WhiteElo "2611"]
[BlackElo "2639"]
[Annotator "TA"]
[PlyCount "117"]
[EventDate "2020.02.12"]
[EventType "tourn"]
[EventCountry "CZE"]
[SourceTitle "playchess.com"]
[Source "ChessBase"]
[SourceQuality "1"]

{[%evp 12,117,14,14,18,12,15,3,14,12,25,0,17,0,32,17,50,49,70,71,84,76,90,63,70,73,67,41,52,45,51,53,51,0,44,47,41,45,39,44,154,137,209,220,212,208,250,227,228,244,256,229,234,193,193,169,201,208,209,185,303,288,272,300,387,300,289,265,318,312,321,323,564,570,495,322,316,319,311,293,318,318,314,316,314,304,272,259,259,262,260,259,257,257,257,258,258,258,260,269,264,180,244,180,197,197,224,216]} 1. e4 e6 2. d4 d5 3. Nc3 Bb4 4. exd5 exd5 5. Bd3 Nc6 6. a3 Bxc3+ 7. bxc3 Be6 {C01: French: Exchange Variation.} 8. Qf3 {8.Ne2 gains popularity. has lost popularity (8.Rb1).} Qd7 9. Ne2 O-O-O {The position is equal.} 10. h3 Nge7 11. Ng3 g6 12. O-O h5 13. Re1 {[#]} h4 $146 ({Predecessor:} 13... Rde8 14. a4 Nf5 15. Nxf5 Bxf5 16. Bg5 Rhg8 17. Reb1 a6 18. Rb2 Bxd3 19. cxd3 Qf5 {½-½ (19) Kivijarvi,J (2195)-Lehtivaara,P (2303) Finland 2013}) 14. Nf1 Rh5 15. Nh2 Bf5 16. Ng4 {[#] Strongly threatening Nf6.} Ng8 17. Bf4 Bxd3 18. cxd3 f6 19. Re2 Rh7 20. Rae1 Qf5 21. Ne3 Qh5 22. Ng4 Qf5 $1 23. Re8 Re7 24. Rxd8+ Nxd8 25. Ne3 Qd7 ({Better is} 25... Qxd3 $14 26. Qg4+ (26. Qxd5 Qxc3 27. Rd1 Ne6 $14) 26... Re6) 26. Rb1 c6 {[#]} (26... g5 $16) 27. Bh2 $1 $18 {And now Qf4 would win.} Ne6 28. Qg4 {[%mdl 64] Double Attack} Qe8 29. Qxh4 b6 30. c4 $40 {[%mdl 128] White goes for the king.} Rd7 31. Re1 Kb7 32. Nc2 Qf7 33. Qg4 Nc7 34. c5 Nh6 35. Qf4 g5 (35... Nf5 $142 36. Qd2 Na6) 36. Qd2 Nf5 37. Rb1 Ne7 38. a4 Na6 39. Qc3 Nc8 40. Na1 Re7 41. Nb3 Re6 $2 (41... Qe8 42. cxb6 axb6 43. Na5+ Ka8 44. Nxc6 Re6) 42. cxb6 axb6 43. Na5+ Ka8 44. Nxc6 {Hoping for Nd8!} Qe8 45. Rc1 Kb7 {[%cal Re6c6]} 46. Nb4 Nxb4 47. Qxb4 Rc6 48. Re1 Re6 49. Rxe6 Qxe6 50. Bg3 Ne7 51. a5 Nf5 52. Kh2 Qc6 53. axb6 Qxb6 54. Qa4 {aiming for Qd7+.} Qc6 55. Qb3+ Kc8 56. Qb8+ Kd7 {White is clearly better.} 57. Qg8 Qe6 58. Qh7+ Ke8 59. h4 {Accuracy: White = 86%, Black = 67%.} 1-0

[Event "Prague Festival Challengers 2020"]
[Site "Prague"]
[Date "2020.02.19"]
[Round "7.3"]
[White "Van Foreest, Jorden"]
[Black "Krejci, Jan"]
[Result "1-0"]
[WhiteElo "2667"]
[BlackElo "2559"]
[Annotator "TA"]
[PlyCount "61"]
[EventDate "2020.02.12"]
[EventType "tourn"]
[EventCountry "CZE"]
[SourceTitle "playchess.com"]
[Source "ChessBase"]
[SourceQuality "1"]

{[%evp 28,61,44,48,47,27,53,53,66,54,56,53,67,66,126,133,130,138,134,109,130,79,100,88,156,91,87,90,258,258,252,243,265,287,291,316]} 1. e4 e5 2. Nf3 Nc6 3. Bb5 a6 4. Ba4 Nf6 5. O-O Be7 6. Re1 b5 7. Bb3 d6 8. c3 O-O 9. h3 Re8 10. d4 h6 11. Nbd2 Bf8 12. Nf1 Bd7 13. Ng3 Na5 14. Bc2 c5 15. d5 Nc4 {C93: Closed Ruy Lopez: Smyslov Variation.} 16. Nh2 a5 17. a4 {[#]} b4 $146 {White is slightly better.} ({Predecessor:} 17... Nb6 18. axb5 Bxb5 19. Nf5 Kh7 20. Ne3 a4 21. Bd3 Bxd3 22. Qxd3 g6 23. Nf3 Qd7 {1-0 (84) Lukasova,A (2270)-Dziedzic,A (2176) ICCF email 2017}) 18. b3 Nb6 19. c4 Nc8 20. f4 Nh7 ({Black should play} 20... Ne7 $14) 21. Rf1 Be7 22. fxe5 dxe5 23. Be3 Ra6 24. Qh5 (24. Nf3 $142) 24... Rg6 $16 25. Nf5 ({Don't blunder} 25. Qxe5 $2 Bd6 $19) 25... Qb6 (25... Bxf5 $142 26. exf5 (26. Qxf5 Nd6 $14) 26... Rg3) 26. Nf3 ({White should try} 26. Nxe7+ Rxe7 27. Kh1) 26... Bd8 {Black wants to play ...Nf6.} 27. N3h4 $36 {[%mdl 2048] White has strong initiative.} Rf6 $2 (27... Bxf5 $16 28. Nxf5 (28. Qxf5 Nd6 $16) 28... Nd6) 28. Qg4 $18 {[%csl Gf5][%cal Rg4g7]} Bxf5 29. Nxf5 {[%csl Gf5][%cal Rg4g7]} ({Less strong is} 29. Rxf5 Nd6 $16) 29... Rg6 {[#]} 30. Nxh6+ $1 {[%mdl 576] Discovered Attack} gxh6 (30... Rxh6 31. Qxc8) 31. Qxc8 {Accuracy: White = 71%, Black = 60%.} 1-0

[Event "Prague Festival Challengers 2020"]
[Site "Prague"]
[Date "2020.02.19"]
[Round "7.4"]
[White "Esipenko, Andrey"]
[Black "Cernousek, Lukas"]
[Result "1-0"]
[WhiteElo "2654"]
[BlackElo "2442"]
[Annotator "TA"]
[PlyCount "93"]
[EventDate "2020.02.12"]
[EventType "tourn"]
[EventCountry "CZE"]
[SourceTitle "playchess.com"]
[Source "ChessBase"]
[SourceQuality "1"]

{[%evp 26,93,9,0,2,0,0,0,0,0,32,21,22,19,13,26,40,45,51,44,38,14,46,32,64,77,62,46,45,39,42,27,27,27,28,20,88,87,165,165,214,227,416,256,279,277,271,262,272,261,232,245,268,263,260,248,529,514,414,235,289,276,438,426,535,509,806,771,640,587]} 1. c4 e6 2. Nc3 d5 3. d4 Nf6 4. cxd5 Nxd5 5. e4 Nxc3 6. bxc3 c5 7. Nf3 cxd4 8. cxd4 Bb4+ 9. Bd2 Bxd2+ 10. Qxd2 O-O 11. Bc4 Nd7 12. O-O b6 13. Rad1 Bb7 14. Rfe1 Rc8 {D41: Queen's Gambit Declined: Semi-Tarrasch with 5 cxd5.} 15. Bb3 Re8 16. h3 h6 {The position is equal.} 17. Re3 Qf6 18. Qe2 Qf4 19. e5 {[#]} Nf8 $146 ({Predecessor:} 19... Red8 20. g3 Qf5 21. g4 Qg6 22. Ne1 Qg5 23. Ng2 Bxg2 24. Kxg2 Nf8 25. Qf3 Ng6 26. Kf1 {½-½ (26) Sethuraman,S (2630)-Batchuluun,T (2535) Changsha 2019}) 20. Bc2 Rc7 21. g3 Bxf3 $1 22. Rxf3 Qg5 $1 ({Much weaker is} 22... Rxc2 23. Qd3 $16 (23. Rxf4 $2 {loses.} Rxe2 24. a3 Rd8 $19)) 23. Be4 Ng6 24. Re3 Rec8 25. h4 $36 {[%mdl 2048] White has strong initiative.} Qe7 26. d5 exd5 27. Bxd5 Nf8 $1 28. Bb3 Rc1 29. Red3 Rxd1+ 30. Rxd1 Rc5 (30... Rd8 $11 {keeps the balance.}) 31. f4 $1 $16 Rc3 (31... b5 $16 {is a better defense.}) 32. Kh2 $18 Qc5 33. Rd8 $1 {And now e6 would win.} Rc1 $2 (33... Qe3 34. Qxe3 Rxe3) 34. e6 {e7 would kill now.} Qg1+ 35. Kh3 Qh1+ {[#]} 36. Qh2 $1 {White wants to mate with e7.} Qe4 37. exf7+ Kh7 {[#]} 38. Bd1 $1 ({Inferior is} 38. Rxf8 Qf5+ 39. Kg2 Qe4+ 40. Kh3 Qf5+ 41. Kg2 Qe4+ 42. Kh3 $11) 38... Qf5+ 39. Bg4 Qxf7 {White must now prevent ...h5.} 40. Qd2 Rh1+ $2 (40... Rc6 41. Qd3+ Kh8) 41. Kg2 Ra1 42. Rd5 (42. Qd3+ $142 g6 43. h5 Rxa2+ 44. Kh3) 42... Rc1 43. h5 Rc5 (43... Rc6 $142 44. Rd8 Rf6 45. Qd3+ g6 46. hxg6+ Qxg6) 44. Rd8 {White is clearly winning.} Rc7 45. Bf3 {Threatens to win with Be4+.} Re7 (45... Qf5 $142) 46. Qc2+ g6 47. hxg6+ {Accuracy: White = 86%, Black = 53%.} 1-0

[Event "Prague Festival Challengers 2020"]
[Site "Prague"]
[Date "2020.02.19"]
[Round "7.5"]
[White "Kriebel, Tadeas"]
[Black "Nguyen, Thai Dai Van"]
[Result "1/2-1/2"]
[WhiteElo "2524"]
[BlackElo "2560"]
[Annotator "TA"]
[PlyCount "72"]
[EventDate "2020.02.12"]
[EventType "tourn"]
[EventCountry "CZE"]
[SourceTitle "playchess.com"]
[Source "ChessBase"]
[SourceQuality "1"]

{[%evp 22,72,0,0,0,0,10,12,28,28,37,37,33,41,60,17,47,39,27,10,10,17,10,10,10,10,10,10,22,6,26,26,26,26,26,5,8,0,0,0,0,0,26,26,26,26,26,26,26,0,6,0,26]} 1. d4 d5 2. c4 e6 3. Nf3 Nf6 4. Nc3 c6 5. cxd5 exd5 6. Bf4 Bd6 7. Bxd6 Qxd6 8. e3 Bf5 9. Bd3 Bxd3 10. Qxd3 O-O 11. O-O Nbd7 12. h3 Rfe8 {D35: Queen's Gambit Declined: Exchange Variation.} 13. Nd2 Re6 14. b4 {[%cal Bb2b4,Bb4b5][%mdl 32] [#]} Rae8 $146 ({Predecessor:} 14... a6 15. a4 Rae8 16. b5 c5 17. dxc5 Nxc5 18. Qd4 Nfe4 19. Ndxe4 dxe4 20. Rad1 Qe5 21. Qxe5 Rxe5 {0-1 (52) Gauglitz,G (2413)-Krivoshey,S (2498) Germany 2003}) 15. b5 c5 16. dxc5 Nxc5 17. Qd4 Rc8 18. Rac1 Ree8 19. Rfd1 Red8 20. Nde4 (20. Nf3 {feels hotter.} a5 21. Ne2 Qb6 22. a4 Qd6 23. Qc3) 20... Nfxe4 21. Nxe4 Nxe4 22. Rxc8 Rxc8 {[#]} 23. Qxe4 $1 {[%mdl 512]} dxe4 24. Rxd6 $11 {[%mdl 4096] Endgame KR-KR} g6 25. Rd7 Rc2 26. a3 Ra2 27. Rxb7 Rxa3 28. Kh2 Kg7 29. Kg3 g5 30. h4 h6 31. Kg4 Kg6 32. h5+ Kf6 33. b6 axb6 34. Rxb6+ Kg7 35. Rb4 Ra5 36. Kg3 Re5 {Accuracy: White = 90%, Black = 85%.} 1/2-1/2

[Event "Prague Festival Challengers 2020"]
[Site "Prague"]
[Date "2020.02.20"]
[Round "8.1"]
[White "Stefansson, Hannes"]
[Black "Piorun, Kacper"]
[Result "0-1"]
[WhiteElo "2529"]
[BlackElo "2611"]
[Annotator "TA"]
[PlyCount "100"]
[EventDate "2020.02.12"]
[EventType "tourn"]
[EventCountry "CZE"]
[SourceTitle "playchess.com"]
[Source "ChessBase"]
[SourceQuality "1"]

{[%evp 24,100,29,42,48,43,59,39,43,39,46,0,50,50,50,50,58,51,58,43,43,43,50,50,50,21,37,20,23,0,33,29,20,0,0,0,0,0,0,0,0,0,0,0,0,-16,-22,-97,-97,-97,-97,-97,-97,-97,-97,-97,-97,-123,-123,-123,-97,-97,-97,-97,0,-97,0,-123,-123,-123,-123,-592,-592,-592,-580,-553,-488,-484,-477]} 1. e4 c5 2. Nf3 d6 3. d4 Nf6 4. Nc3 cxd4 5. Nxd4 a6 6. g3 e5 7. Nde2 Be7 8. Bg2 O-O 9. O-O Nbd7 10. a4 b6 11. Nd5 Nxd5 12. Qxd5 Rb8 13. Nc3 Nf6 {B91: Sicilian Najdorf: 6 g3.} 14. Qd3 h6 15. b3 Qc7 {White is slightly better.} 16. Ba3 {[#]} Bd7 $146 ({Predecessor:} 16... Rd8 17. Rac1 Qb7 18. f4 b5 19. axb5 axb5 20. Bb4 Be6 21. f5 Bc4 22. Qd2 Bxf1 23. Rxf1 {1-0 (47) Bender,Z (2002)-Kovacevic,K (2117) Zagreb 2019}) 17. Bb4 b5 (17... a5 $5 18. Ba3 $8 Rfc8 $11) 18. axb5 axb5 19. Rfd1 Rfc8 20. Qe3 Ra8 21. Rxa8 Rxa8 22. Qd3 Bf8 23. Bf3 Rc8 24. Kg2 ({Much worse is} 24. Nxb5 Bxb5 25. Qxb5 Qxc2 $15) 24... Qb6 25. Rd2 (25. Ra1 {feels hotter.} Qd4 26. Qxd4 exd4 27. Ne2 d5 28. e5) 25... Bc6 26. Qe2 ({Avoid the trap} 26. Bxd6 $2 Rd8 $19) 26... Qb8 27. h4 Qa8 {[#] Hoping for ...d5.} 28. Bxd6 b4 29. Na4 $1 {[%cal Ra4b6]} Nxe4 30. Bxe4 Bxe4+ 31. f3 Bxd6 32. Qxe4 Qxe4 33. fxe4 Bc5 34. Nxc5 Rxc5 $11 {[%mdl 4096] Endgame KR-KR} 35. Rd8+ (35. h5 $11 {keeps the balance.}) 35... Kh7 $17 36. Rb8 Rxc2+ 37. Kh3 h5 38. Rxb4 f6 39. Rc4 Re2 40. Ra4 Kh6 41. Rc4 Kg6 42. Rb4 Rb2 43. Rb7 Re2 44. Rb4 $1 Kh6 45. Rc4 $1 g5 46. hxg5+ Kxg5 47. b4 $2 {[%mdl 8192] [#] This costs White the game.} (47. Rb4 $17) 47... Rb2 $19 {Black is clearly winning.} 48. Rc3 Rxb4 49. Re3 Rb2 50. Re1 Rb3 {Accuracy: White = 78%, Black = 90%.} 0-1

[Event "Prague Festival Challengers 2020"]
[Site "Prague"]
[Date "2020.02.20"]
[Round "8.2"]
[White "Bartel, Mateusz"]
[Black "Van Foreest, Jorden"]
[Result "1/2-1/2"]
[WhiteElo "2639"]
[BlackElo "2667"]
[Annotator "TA"]
[PlyCount "96"]
[EventDate "2020.02.12"]
[EventType "tourn"]
[EventCountry "CZE"]
[SourceTitle "playchess.com"]
[Source "ChessBase"]
[SourceQuality "1"]

{[%evp 11,96,31,31,15,22,25,37,21,22,23,23,6,37,35,31,39,38,17,41,42,48,24,41,19,35,37,25,58,34,-28,0,0,0,0,17,13,16,17,52,58,51,0,0,0,0,0,0,0,24,31,21,0,0,0,0,0,31,54,88,0,0,0,0,0,0,0,0,0,0,0,0,0,0,0,0,0,0,0,0,0,0,0,0,0,0,0,0]} 1. c4 c6 2. d4 Nf6 3. Nf3 d5 4. e3 Bf5 5. Nc3 e6 6. Nh4 Bg6 7. Be2 {D12: Slav Defence: 3 Nf3 Nf6 4 e3 Bf5.} Nbd7 8. O-O Bd6 9. g3 {White is slightly better.} O-O 10. Nxg6 hxg6 11. Rb1 a5 12. b3 Qe7 13. Bb2 {[#]} Rfd8 $146 ({Predecessor:} 13... Ba3 14. Ba1 Rfd8 15. Bf3 Bb4 16. Bg2 e5 17. cxd5 Bxc3 18. d6 Qxd6 19. Bxc3 e4 {1-0 (76) Wang,H (2737)-Artemiev,V (2761) Danzhou 2019}) 14. Bf3 Rab8 15. Qe2 Ba3 16. Ba1 e5 17. cxd5 exd4 18. dxc6 {Strongly threatening c7.} d3 $1 {[%cal Rd3e2]} 19. Qd1 {aiming for c7.} (19. Qxd3 $2 Ne5 $19) 19... bxc6 20. Na4 ({But not} 20. Qxd3 $2 Ne5 $19) ({White should play} 20. Bxc6 $14 d2 21. Bg2 (21. Qxd2 $2 Ne5 $19 {[%mdl 64] Discovered Attack})) 20... Ne5 21. Bg2 g5 22. Bc3 Rb5 23. Nb2 Bxb2 24. Rxb2 Nd5 25. Bd4 Rb4 26. Rd2 (26. Bxe5 $14 Qxe5 27. Rd2) 26... Rxd4 $1 $11 {[%mdl 64] [#] Remove Defender} 27. exd4 Nc3 28. Qe1 Rxd4 29. Qe3 Ne2+ 30. Rxe2 dxe2 31. Qxe2 (31. Qxd4 {is more complex.} Qf6 32. Qc3 exf1=R+ 33. Kxf1 Qd6 34. Be4) 31... Qd6 32. Qa6 Qd8 33. Re1 ({Wrong is} 33. Bxc6 $2 Rd6 $19) 33... f6 34. Bxc6 Kh7 35. Qe2 ({Better is} 35. h3 $16) 35... Kh6 {The position is equal.} 36. Be4 Rd2 37. Qf1 {[%cal Rf1h3]} g4 38. h3 Qd4 39. hxg4 {Intending Qh3+ and mate.} Kg5 40. Kg2 {Threatens to win with Re2.} Nxg4 {[%cal Rd2f2]} 41. Re2 $40 {[%mdl 128] Black needs to defend precisely.} Rd1 42. f4+ Kh6 43. Qf3 Rd2 {With the idea ...f5.} 44. Qxg4 {[%cal Rg4h4]} Qxe4+ $1 {[%mdl 64] [#] Double Attack} 45. Kf2 Qd4+ 46. Kg2 Qe4+ 47. Kf2 Qd4+ 48. Kg2 Qe4+ {Accuracy: White = 90%, Black = 86%.} 1/2-1/2

[Event "Prague Festival Challengers 2020"]
[Site "Prague"]
[Date "2020.02.20"]
[Round "8.3"]
[White "Nguyen, Thai Dai Van"]
[Black "Esipenko, Andrey"]
[Result "1/2-1/2"]
[WhiteElo "2560"]
[BlackElo "2654"]
[Annotator "TA"]
[PlyCount "110"]
[EventDate "2020.02.12"]
[EventType "tourn"]
[EventCountry "CZE"]
[SourceTitle "playchess.com"]
[Source "ChessBase"]
[SourceQuality "1"]

{[%evp 13,110,0,0,0,0,0,0,0,6,21,25,6,34,16,29,24,24,17,17,17,32,33,34,24,29,20,37,44,37,33,46,18,17,24,45,43,51,47,60,14,18,14,46,56,48,0,0,0,0,0,71,71,71,71,71,71,72,72,92,72,90,71,71,0,91,0,71,72,106,86,91,90,90,90,90,90,90,70,77,66,77,39,66,66,91,77,91,91,91,91,91,0,0,0,0,0,0,0,0]} 1. d4 Nf6 2. c4 e6 3. Nc3 Bb4 4. e3 O-O 5. Bd2 d5 6. Nf3 b6 {The main line 6...b6 scores better than 6...c5.} 7. cxd5 exd5 8. Rc1 {E51: Nimzo-Indian: Rubinstein: 4...0-0 5 Nf3 d5.} Be7 9. Bd3 Bb7 10. O-O c5 11. dxc5 bxc5 12. Re1 Nc6 13. Bb1 {[#]} Rc8 $146 ({Predecessor:} 13... Rb8 14. e4 dxe4 15. Nxe4 Nd4 16. Bc3 Nxe4 17. Bxe4 Bf6 18. Qd3 h6 19. Rcd1 Re8 {½-½ (40) Rakhmanov,A (2645)-Sargissian,G (2689) Moscow 2019}) 14. e4 dxe4 $1 15. Nxe4 Nd4 16. Nxd4 cxd4 17. Rxc8 Bxc8 18. Qe2 Qb6 19. b3 Bb7 20. Nxf6+ Bxf6 21. Bd3 Qc5 22. Rc1 Qd5 {[%csl Gb7][%cal Rd5g2] [#]} 23. f3 Qd8 24. Bf4 Re8 25. Qd2 h6 26. Re1 Rxe1+ 27. Qxe1 Bd5 28. Qb4 Be7 29. Qxd4 (29. Qb5 {looks sharper.} Bf8 30. h3 Qf6 31. Bd2 Be6 32. Qc6) 29... Bf6 $1 {[%cal Rf6d4]} 30. Be5 ({Wrong is} 30. Qxa7 $2 Be4 $19) 30... Bxe5 31. Qxe5 Bxb3 (31... Bxf3 $1 $11 {keeps the balance.} 32. gxf3 Qxd3) 32. axb3 $16 Qxd3 $11 {[%mdl 4096] Endgame KQ-KQ} 33. Qe8+ Kh7 34. Qxf7 a5 35. Qe6 Qd2 36. Qe4+ Kh8 37. Qe8+ Kh7 38. Qe4+ Kh8 $1 39. Qe8+ Kh7 40. Qe6 Kh8 41. h3 (41. h4 {seems wilder.} Qd4+ 42. Kf1 Qd2 43. Qc8+ Kh7 44. Qf5+) 41... Qd8 42. Qe3 a4 43. bxa4 {And now Qe4 would win.} Qd1+ 44. Kh2 {[#] Black must now prevent a5.} Qxa4 45. f4 Qc2 46. Qe5 Kh7 47. h4 Qd3 48. h5 Qc2 49. Qe3 Qd1 50. Qe4+ Kg8 51. Qe6+ Kh8 52. g4 (52. Qe8+ $16 Kh7 53. Kg3) 52... Qf3 {The position is equal.} 53. Qe8+ Kh7 54. Qg6+ Kh8 55. Qe8+ Kh7 {Accuracy: White = 88%, Black = 83%.} 1/2-1/2

[Event "Prague Festival Challengers 2020"]
[Site "Prague"]
[Date "2020.02.20"]
[Round "8.4"]
[White "Abasov, Nijat"]
[Black "Cernousek, Lukas"]
[Result "1/2-1/2"]
[WhiteElo "2670"]
[BlackElo "2442"]
[Annotator "TA"]
[PlyCount "94"]
[EventDate "2020.02.12"]
[EventType "tourn"]
[EventCountry "CZE"]
[SourceTitle "playchess.com"]
[Source "ChessBase"]
[SourceQuality "1"]

{[%evp 14,94,25,13,18,12,31,0,1,0,5,7,6,7,10,6,15,0,0,0,8,6,2,-15,-16,-12,7,-7,244,8,12,0,0,0,62,27,33,-6,-6,-6,-6,-6,0,0,3,0,19,22,21,18,22,8,25,27,41,41,41,41,56,17,17,-14,-14,-14,17,0,0,0,22,17,17,17,17,17,22,22,22,22,22,22,22,17,17]} 1. e4 e6 2. d4 d5 3. Nc3 Nf6 4. Bg5 dxe4 5. Nxe4 Nbd7 6. Nxf6+ Nxf6 7. Nf3 c5 8. c3 cxd4 {C13: French: Classical System: 4 Bg5 Be7, Alekhine-Chatard Attack.} 9. Nxd4 {next Bb5+ is good for White.} Be7 10. Bd3 Qd5 11. Nf3 Bd7 12. Qe2 Bc6 13. O-O h6 {[#]} 14. Bf4 $146 ({Predecessor:} 14. c4 Qa5 15. Bd2 Bb4 16. Bf4 Qh5 17. Ne5 Qxe2 18. Bxe2 Be4 19. Rad1 Be7 20. Be3 {½-½ (67) Varga,Z (2455)-Golubovic,B (2450) Medulin 1997}) 14... O-O 15. Be5 Nd7 16. Bg3 Nc5 17. Bc2 Ne4 18. Rfd1 Nxg3 19. hxg3 Qb5 (19... Qh5 {feels hotter.} 20. Qd3 g6 21. Qe3 Rfd8 22. Ne5 Bg5) 20. Bd3 Bxf3 $2 {[%mdl 8192] [#]} (20... Qb6 $11) 21. gxf3 $2 ({And not} 21. Bxb5 Bxe2 22. Bxe2 Rfd8 $11) ({White must play} 21. Bh7+ $1 $18 {[%mdl 512]} Kxh7 22. Qxb5 Bxd1 23. Rxd1) 21... Qc6 $11 22. Be4 Qc7 23. Qb5 {Rd7 is the strong threat.} Bc5 (23... Rfd8 $11) 24. Kg2 Rfd8 25. a4 Rab8 26. a5 b6 27. a6 Be7 28. f4 Qc5 29. Qe2 Rxd1 (29... g6 {with more complications.} 30. Rd4 Rxd4 31. cxd4 Qc7 32. Rd1 Rd8) 30. Rxd1 {[#] Threatens to win with Rd7.} Rd8 31. Rxd8+ Bxd8 32. Qd3 Qe7 33. Qb5 g6 34. Qc6 Kg7 35. Qa8 b5 36. Qb8 b4 {The position is equal.} 37. Qe5+ Kg8 38. Qb8 Kg7 39. cxb4 Bb6 40. Qe5+ Qf6 (40... Kg8 {is more complex.} 41. b5 Qb4 42. Bd3 Qd2 43. Qb8+ Kh7) 41. Qd6 {Hoping for Qxb6!} Qd4 42. Qxd4+ Bxd4 {KB-KB} 43. b5 h5 44. Bc6 Kf6 45. f3 Bb6 46. b3 Ke7 47. Kf1 Kf6 {Accuracy: White = 79%, Black = 90%.} 1/2-1/2

[Event "Prague Festival Challengers 2020"]
[Site "Prague"]
[Date "2020.02.20"]
[Round "8.5"]
[White "Krejci, Jan"]
[Black "Kriebel, Tadeas"]
[Result "0-1"]
[WhiteElo "2559"]
[BlackElo "2524"]
[Annotator "TA"]
[PlyCount "124"]
[EventDate "2020.02.12"]
[EventType "tourn"]
[EventCountry "CZE"]
[SourceTitle "playchess.com"]
[Source "ChessBase"]
[SourceQuality "1"]

{[%evp 20,124,20,12,23,17,26,0,30,18,17,0,23,26,9,17,25,24,35,35,35,31,39,31,39,31,39,29,43,24,27,24,39,25,29,28,27,1,0,0,15,5,8,5,7,8,22,0,0,-42,-45,-91,-84,-83,-79,-85,-81,-81,-60,-81,-77,-82,0,-75,0,-74,-80,-81,-81,-87,-83,-144,-158,-138,-158,-158,-151,-144,-144,-142,-123,-380,-365,-365,-350,-309,-279,-936,-957,-819,-199,-779,-588,-588,-588,-275,-275,-1135,-1054,-1977,-1854,-4706,-4714,-29985,-29986,-29988,-29989]} 1. Nf3 d5 2. d4 Nf6 3. c4 e6 4. Bg5 Be7 5. e3 h6 6. Bh4 O-O 7. Nc3 Ne4 8. Bxe7 Qxe7 9. Rc1 c6 10. Bd3 Nxc3 11. Rxc3 dxc4 {D56: Queen's Gambit Declined: Lasker Defence.} 12. Bxc4 Nd7 13. Qc2 b6 {The position is equal.} 14. Bd3 c5 15. Bh7+ Kh8 16. Be4 Rb8 17. O-O Nf6 18. dxc5 Nxe4 19. Qxe4 {Black must now prevent c6.} bxc5 20. b3 Bb7 21. Qf4 Bxf3 22. Qxf3 {[#]} Rbd8 $146 ({Predecessor:} 22... Rfd8 23. Rfc1 Rd2 24. R1c2 Rbd8 25. g3 Rxc2 26. Rxc2 Rd5 27. Kg2 Kg8 28. e4 Rd4 {0-1 (42) Loiseau,Q (2419)-Laurent,J (2221) Belgium 2015}) 23. Rc2 Rd5 24. Rfc1 Rfd8 25. h3 Qd6 26. Qe2 (26. g3 {keeps more tension.} f5 27. Kg2 Qb6 28. Re2 Rd3 29. Rc4) 26... f5 27. g3 a5 28. e4 Re5 29. Rc4 Qd2 30. Qxd2 Rxd2 $11 {[%mdl 4096] Endgame KRR-KRR} 31. a4 fxe4 32. Rxc5 Red5 $1 33. Rc8+ Kh7 34. Re1 Rf5 35. Rxe4 Rfxf2 36. Rc3 Rg2+ 37. Kh1 Rh2+ $1 38. Kg1 Rdg2+ $1 39. Kf1 Ra2 {[%cal Rh2h1]} 40. Kg1 Rag2+ 41. Kf1 Ra2 {[%cal Rh2h1]} 42. Kg1 Rhb2 43. Kf1 Rf2+ 44. Kg1 Rg2+ 45. Kh1 (45. Kf1 $142) 45... Rgb2 $17 46. Re1 Rh2+ 47. Kg1 Rxh3 48. Rxe6 Rhh2 49. Rf3 Rhb2 {...Rb1+ is the strong threat.} 50. Ree3 $2 {[%mdl 8192] This move loses the game for White.} (50. Rb6 $17 {was worth a try.}) 50... Kg6 $1 $19 {[%cal Rg6h5]} 51. Rf4 Kh5 52. Rh4+ {[#]} Kg5 $1 {( -> ...Rb1+)} 53. Rf4 $2 (53. Re5+ Kf6 54. Re1) 53... Ra1+ 54. Rf1 Rxf1+ 55. Kxf1 {KR-KR} Kg4 56. Rd3 g5 57. Rc3 Kh3 58. Rd3 $2 {[#]} (58. Rc6 Kxg3 59. Rxh6) 58... g4 $1 59. Re3 h5 60. Re5 h4 61. Rxa5 Kxg3 62. Rc5 h3 {Accuracy: White = 57%, Black = 98%.} 0-1